| 000 | 00499pam a2200205 a 4500 | ||
|---|---|---|---|
| 001 | 1038183 | ||
| 003 | OSt | ||
| 005 | 20160419155932.0 | ||
| 008 | 890202s1989 nyu 000 1 eng | ||
| 010 | _a 89045285 | ||
| 020 | _a0394561244 : | ||
| 040 | _aSEKU | ||
| 050 | 0 | 0 |
_aPS 3553 _b.C6 |
| 082 | 0 | 0 |
_a813/.54 _220 |
| 100 | 1 | _aCohen, Randy. | |
| 245 | 1 | 0 |
_aDiary of a flying man / _cRandy Cohen. |
| 260 |
_aNew York : _bKnopf, _c1989. |
||
| 300 |
_aviii, 145 p. ; _c23 cm. |
||
| 942 |
_2lcc _cGEN |
||
| 999 |
_c12826 _d12826 |
||